| 000 | | | 03840nmc2a22000003x 450 |
| 001 | | | 886c2327-f49c-47b1-bf7c-38d9526b8bd2 |
| 005 | | | 20181226072142.0 |
| 100 | ## | $a | 20170628l18471848k l0rusy0189 ca |
| 101 | 0# | $a | rus |
| 102 | ## | $a | RU |
| 200 | 1# | $a | Дело по отношению Конторы московских театров с препровождением денег, 191 рубля 43 копеек серебром, следующих господину репетитору Кавосу за музыку и поэму оперы "Королевские мушкетёры" |
| | $j | 6 октября 1847 г. - 15 февраля 1848 г. |
| 251 | ## | $c | Дело |
| 300 | ## | $a | По Санкт-Петербургской дирекции за 1847 год |
| 300 | ## | $a | Дело |
| 801 | #0 | $a | RU |
| | $b | РГИА |
| | $c | 20170628 |
| | $g | RCR |
| 801 | #1 | $a | RU |
| | $b | ГлавНИВЦ |
| | $c | 20170628 |
| | $2 | rusmarc |
| 801 | #2 | $a | RU |
| | $b | ПБ им. Б.Н. Ельцина |
| | $c | 20181226 |
| | $g | RCR |
| | $2 | rusmarc |
| 850 | ## | $a | РГИА |
| 852 | ## | $a | РГИА |
| | $e | Федеральное казенное учреждение "Российский государственный исторический архив" (РГИА) |
| | $j | 11358 |
| 937 | ## | $h | РГИА |
| | $d | 12246307 |
| | $a | ASBIBLIO_SCAN |
| 462 | #0 | $1 | 001dd3991dc-24e1-42ec-8838-ca4255420416 |
| | $1 | 2001 |
| | $a | 1746-1850 гг. |
| | $1 | 251 |
| | $c | Опись |
| | $1 | 852 |
| | $j | 1 |
| 461 | #0 | $1 | 0019264ebf8-de62-4f1a-9eb4-9f22098dbbd5 |
| | $1 | 2001 |
| | $a | Дирекция императорских театров МИДв |
| | $1 | 251 |
| | $c | Фонд |
| | $1 | 852 |
| | $j | 497 |
| 215 | ## | $a | 5 л. |
| | $d | 36,5х26 см |
| 371 | ## | $a | Документ не является опубликованным и широко распространяемым |
| 105 | ## | $a | y### |
| 122 | 2# | $a | d |
| 035 | ## | $a | 886c2327-f49c-47b1-bf7c-38d9526b8bd2 |
| 856 | ## | $u | http://readingroom.main.prlib.ru/item.aspx?id_node=n122424382&mode=full |